|
|
|
|
| LEADER |
00569cam a2200169 7i4500 |
| 001 |
0000029663 |
| 005 |
20130530090000.0 |
| 090 |
0 |
0 |
|a SR 658.834
|b CON
|
| 245 |
0 |
0 |
|a Consumer lifestyles in Malaysia :
|b January 2013.
|
| 260 |
0 |
0 |
|a London:
|b Euromonitor International,
|c 2013.
|
| 300 |
# |
# |
|a 63 p.
|
| 440 |
0 |
0 |
|a Consumer lifestyles : 2013
|
| 650 |
0 |
0 |
|a Consumer --
|x Research --
|z Malaysia
|
| 650 |
0 |
0 |
|a Consumer lifestyles --
|z Malaysia
|
| 650 |
0 |
0 |
|a Consumer behaviour --
|x Markets --
|z Malaysia
|
| 651 |
0 |
0 |
|a Malaysia
|
| 999 |
|
|
|a B000032811
|b Book
|c Services
|e Business Information Centre
|